000 01063nam a22002417a 4500
999 _c3382
_d3382
003 AR-CdUCM
008 190306b ||||| |||| 00| 0 spa d
040 _aMUNICIPALIDAD PROVINCIAL DEL CUSCO
_cBIBLIOTECA MUNICIPAL DEL CUSCO
041 _heng
082 _a332.0973 /
_bM88
100 _aMoulton, Harold G.
_911184
245 _aLa organización financiera y el sistema económico /
260 _aBuenos Aires :
_bEdit. Sudamericana,
_c1944.
300 _a715 páginas ;
_bgráficos,
_c22 cm.
440 _aBiblioteca de orientación económica. Historia y doctrina económica
_911185
505 _aContenido: Definición y origen de la unidad pecuniaria -- El patrón para los pagos diferidos -- Otras funciones y servicios del dinero -- La evolución del sistema monetario -- Cambios recientes en el sistema monetario Norteamericano -- El cambio Internacional ...
650 _aFinanzas
_94496
650 _aEstados Unidos
_91805
650 _aNegocios
_9825
700 _aHernani, Miguel de (traducción)
_911186
942 _2ddc
_cLIBROS
945 _aachl